LEADER 00917nlm 2200289 a 450 001 996713708203316 005 20260311091001.0 100 $a19890828d1968---- uy 0 101 0 $aeng 102 $aUS 135 $adrcnu 200 1 $aMuslims and chiefs in West Africa$ea study of Islam in the Middle Volta Basin in the pre-colonial period$fby Nehemia Levtzion 210 1 $aOxford$aNew York$cClarendon Press$d1968 215 $aTesto elettronico (PDF) (XXVI, 228 p. ) 225 2 $aOxford studies in African affairs 230 $aBase dati testuale 410 0$aACLS Humanities E-Book. 606 0 $aMusulmani$yAfrica$2BNCF 676 $a297.0966 700 1$aLEVTZION,$bNehemia$0243910 712 02$aAmerican Council of Learned Societies. 801 0$aIT$bcba$cREICAT 912 $a996713708203316 959 $aEB 969 $aER 996 $aMuslims and Chiefs in West Africa$91299582 997 $aUNISA